[Event "Titled Tuesday intern op 07th Jan Early"]
[Site "Chess.com INT"]
[Date "2025.01.07"]
[Round "5"]
[White "Alhassadi, Yousef A"]
[Black "Lopez Paniagua, Mario Yber"]
[Result "1-0"]
[WhiteElo "2152"]
[BlackElo "2163"]
[PlyCount "51"]
[EventDate "2025.01.07"]
[EventType "swiss (blitz)"]
[EventRounds "11"]
[EventCountry "USA"]
[SourceTitle "CB03_2025"]
[SourceDate "2025.01.15"]
[SourceVersion "1"]
[SourceVersionDate "2025.01.15"]
[SourceQuality "1"]

1. e4 c5 2. Nf3 e6 3. d4 cxd4 4. Nxd4 a6 5. c4 Nf6 6. Nc3 Qc7 7. a3 Be7 8. Be2 0-0 9. 0-0 d6 10. Be3 Nbd7 11. f3 Rb8 12. Rc1 g6 13. b4 Nh5 14. Qd2 b6 15. f4 Bb7 16. Bxh5 gxh5 17. f5 e5 18. Nd5 Qd8 19. Nxe7+ Qxe7 20. f6 Qd8 21. Bh6 Bxe4 22. Qg5+ Bg6 23. Nf5 Re8 24. Bg7 Bxf5 25. Rxf5 Nf8 26. Bxf8+ 1-0

[Event "Titled Tuesday intern op 07th Jan Early"]
[Site "Chess.com INT"]
[Date "2025.01.07"]
[Round "6"]
[White "Deveci, Huseyin Said"]
[Black "Alhassadi, Yousef A"]
[Result "1-0"]
[WhiteElo "2225"]
[BlackElo "2152"]
[PlyCount "153"]
[EventDate "2025.01.07"]
[EventType "swiss (blitz)"]
[EventRounds "11"]
[EventCountry "USA"]
[SourceTitle "CB03_2025"]
[SourceDate "2025.01.15"]
[SourceVersion "1"]
[SourceVersionDate "2025.01.15"]
[SourceQuality "1"]

1. Nf3 d5 2. b3 Bf5 3. Bb2 Nf6 4. c4 e6 5. Nc3 d4 6. Nb5 c5 7. d3 a6 8. Na3 Be7 9. g3 0-0 10. Bg2 Nc6 11. 0-0 e5 12. Nc2 b5 13. a3 Qc7 14. Nh4 Bd7 15. e3 Rab8 16. Rb1 Ng4 17. Nf3 f5 18. exd4 cxd4 19. b4 bxc4 20. dxc4 Be6 21. Re1 Bxc4 22. Rc1 Bd5 23. Nxe5 Bxg2 24. Nxc6 Qxc6 25. Nxd4 Qb7 26. f3 Bg5 27. Qb3+ Qf7 28. Rc7 Qxb3 29. Nxb3 Rf7 30. Rxf7 Kxf7 31. Kxg2 Ne3+ 32. Kf2 Nc4 33. Bc1 Bf6 34. Rd1 Nb6 35. Bf4 Rc8 36. Nc5 Be7 37. Be3 Nc4 38. Rd7 Ke8 39. Ra7 Nxe3 40. Kxe3 Bxc5+ 41. bxc5 Rxc5 42. Rxg7 Rc3+ 43. Kf4 Rxa3 44. Rxh7 a5 45. Ra7 a4 46. h4 Ra1 47. Kxf5 a3 48. Kg4 Kd8 49. h5 Kc8 50. h6 a2 51. h7 Rh1 52. Rxa2 Rxh7 53. f4 Rg7+ 54. Kf3 Kd7 55. g4 Ke6 56. f5+ Kf6 57. Kf4 Rc7 58. Ra6+ Kg7 59. Kg5 Rb7 60. Kh5 Rb5 61. Ra7+ Kf6 62. Ra6+ Kg7 63. Kg5 Rb7 64. f6+ Kf7 65. Ra5 Rb1 66. Ra7+ Ke6 67. Kg6 Rf1 68. Re7+ Kd6 69. g5 Rg1 70. Re2 Rf1 71. Rd2+ Ke6 72. Re2+ Kd6 73. Kg7 Kd7 74. f7 Rg1 75. g6 Rg5 76. Kf6 Rf5+ 77. Kxf5 1-0

[Event "Titled Tuesday intern op 07th Jan Early"]
[Site "Chess.com INT"]
[Date "2025.01.07"]
[Round "4"]
[White "Neustroev, Victor"]
[Black "Alhassadi, Yousef A"]
[Result "0-1"]
[WhiteElo "2283"]
[BlackElo "2152"]
[PlyCount "66"]
[EventDate "2025.01.07"]
[EventType "swiss (blitz)"]
[EventRounds "11"]
[EventCountry "USA"]
[SourceTitle "CB03_2025"]
[SourceDate "2025.01.15"]
[SourceVersion "1"]
[SourceVersionDate "2025.01.15"]
[SourceQuality "1"]

1. e4 c5 2. Nf3 e6 3. d4 cxd4 4. Nxd4 Nf6 5. Nc3 Nc6 6. Ndb5 d6 7. Bf4 e5 8. Bg5 a6 9. Na3 b5 10. Nd5 Be7 11. Bxf6 Bxf6 12. c3 Ne7 13. Nc2 Nxd5 14. exd5 0-0 15. a4 Bd7 16. Be2 bxa4 17. 0-0 Qb6 18. Qc1 Be7 19. Na3 f5 20. Nc4 Qc5 21. Rd1 Bb5 22. Qe3 Qxe3 23. fxe3 Rac8 24. Nb6 Bxe2 25. Rd2 Bb5 26. Nxc8 Rxc8 27. g3 Bd8 28. Kg2 Bb6 29. Re1 e4 30. Rf2 g6 31. Rf4 a3 32. bxa3 Rxc3 33. g4 Bxe3 0-1

[Event "Qatar Masters op-B"]
[Site "Doha"]
[Date "2024.12.10"]
[Round "7"]
[White "Shermuhammadov, Samandar"]
[Black "Alhassadi, Yousef A"]
[Result "0-1"]
[WhiteElo "2108"]
[BlackElo "2120"]
[PlyCount "108"]
[EventDate "2024.12.03"]
[EventType "swiss"]
[EventRounds "9"]
[EventCountry "QAT"]
[SourceTitle "CB51_2024"]
[SourceDate "2024.12.18"]
[SourceVersion "1"]
[SourceVersionDate "2024.12.18"]
[SourceQuality "1"]

1. e4 c5 2. Nf3 e6 3. d3 d5 4. Nbd2 Nc6 5. g3 Nf6 6. Bg2 Be7 7. 0-0 0-0 8. a4 Qc7 9. Re1 b6 10. e5 Nd7 11. Qe2 a5 12. Nb1 Ba6 13. Bf4 c4 14. dxc4 Bxc4 15. Qd1 Ba6 16. Nc3 Nc5 17. Nb5 Qd7 18. Bf1 Na7 19. Nc3 Bxf1 20. Rxf1 b5 21. axb5 Nxb5 22. Nxb5 Qxb5 23. b3 Rfc8 24. Nd4 Qb4 25. Ne2 a4 26. bxa4 Nxa4 27. Qd3 Rab8 28. Rfb1 Qxb1+ 29. Rxb1 Rxb1+ 30. Kg2 Nc5 31. Qa3 Bf8 32. Nd4 Rbb8 33. Qf3 Rb4 34. c3 Rb2 35. Bc1 Ra2 36. Ne2 Ne4 37. Qd3 Bc5 38. f4 Nxc3 39. Qxc3 Rxe2+ 40. Kf3 Re4 41. Qd3 Bb4 42. Bb2 Rec4 43. Kg4 g6 44. Bd4 Bc3 45. Bxc3 Rxc3 46. Qd4 Kg7 47. Qb4 Rc2 48. h3 R2c7 49. Qd6 h6 50. Kh4 Rc4 51. Kg4 Rc3 52. Qd7 Rb8 53. Kh4 Rbb3 54. f5 Rb4+ 0-1

[Event "Arab-ch"]
[Site "Sharjah"]
[Date "2024.11.14"]
[Round "8"]
[White "Nezad, Husein Aziz"]
[Black "Alhassadi, Yousef A"]
[Result "1-0"]
[WhiteElo "2346"]
[BlackElo "2126"]
[PlyCount "35"]
[EventDate "2024.11.07"]
[EventType "swiss"]
[EventRounds "9"]
[EventCountry "UAE"]
[SourceTitle "CB47_2024"]
[SourceDate "2024.11.20"]
[SourceVersion "1"]
[SourceVersionDate "2024.11.20"]
[SourceQuality "1"]

1. d4 d5 2. Nf3 e6 3. Bg5 Nf6 4. c4 c5 5. cxd5 exd5 6. Nc3 Be6 7. e4 Nbd7 8. exd5 Bg4 9. Be2 Be7 10. 0-0 0-0 11. Re1 Re8 12. h3 Bh5 13. Bf4 Nb6 14. Bb5 Rf8 15. dxc5 Nbxd5 16. Nxd5 Nxd5 17. Bg3 Rc8 18. Qb3 1-0

[Event "Arab-ch"]
[Site "Sharjah"]
[Date "2024.11.11"]
[Round "5"]
[White "Alhassadi, Yousef A"]
[Black "Ahmed, Fareed"]
[Result "1/2-1/2"]
[WhiteElo "2126"]
[BlackElo "2076"]
[PlyCount "29"]
[EventDate "2024.11.07"]
[EventType "swiss"]
[EventRounds "9"]
[EventCountry "UAE"]
[SourceTitle "CB47_2024"]
[SourceDate "2024.11.20"]
[SourceVersion "1"]
[SourceVersionDate "2024.11.20"]
[SourceQuality "1"]

1. e4 e5 2. Nf3 Nc6 3. d4 exd4 4. Nxd4 Nge7 5. Nc3 Nxd4 6. Qxd4 Nc6 7. Qe3 d6 8. Nd5 Be6 9. Bd2 Be7 10. Bc3 0-0 11. Qg3 Ne5 12. Nxe7+ Qxe7 13. 0-0-0 f6 14. f4 Nd7 15. Qh4 1/2-1/2

[Event "Arab-ch Rapid"]
[Site "Sharjah"]
[Date "2024.11.10"]
[Round "2"]
[White "Alhassadi, Yousef A"]
[Black "Abdallah, Mohamed Khalil"]
[Result "1-0"]
[WhiteElo "2126"]
[BlackElo "2012"]
[PlyCount "53"]
[EventDate "2024.11.10"]
[EventType "swiss (rapid)"]
[EventRounds "7"]
[EventCountry "UAE"]
[SourceTitle "CB47_2024"]
[SourceDate "2024.11.20"]
[SourceVersion "1"]
[SourceVersionDate "2024.11.20"]
[SourceQuality "1"]

1. e4 c5 2. c3 Nf6 3. e5 Nd5 4. Bc4 Nb6 5. Bb3 c4 6. Bc2 Nc6 7. Nf3 d6 8. exd6 Qxd6 9. 0-0 Bg4 10. Re1 Qf6 11. Be4 0-0-0 12. a4 Ne5 13. a5 Nbd7 14. a6 b6 15. d4 cxd3 16. Be3 e6 17. Nbd2 Nxf3+ 18. Nxf3 Ne5 19. Bxb6 Bxf3 20. gxf3 d2 21. Re3 Nc4 22. Bxd8 Qxd8 23. Qb3 Nb6 24. Rd3 Qg5+ 25. Kh1 Qc5 26. Rd1 Qc4 27. Qxb6 1-0

[Event "Arab-ch"]
[Site "Sharjah"]
[Date "2024.11.09"]
[Round "3"]
[White "Alhassadi, Yousef A"]
[Black "Wafa, Hamed"]
[Result "1/2-1/2"]
[WhiteElo "2126"]
[BlackElo "2384"]
[PlyCount "86"]
[EventDate "2024.11.07"]
[EventType "swiss"]
[EventRounds "9"]
[EventCountry "UAE"]
[SourceTitle "CB47_2024"]
[SourceDate "2024.11.20"]
[SourceVersion "1"]
[SourceVersionDate "2024.11.20"]
[SourceQuality "1"]

1. e4 c5 2. c3 Nf6 3. e5 Nd5 4. Bc4 Nb6 5. Bb3 c4 6. Bc2 g6 7. Na3 Bg7 8. Qe2 Qc7 9. Nf3 0-0 10. 0-0 d6 11. exd6 exd6 12. d3 d5 13. dxc4 dxc4 14. Be3 Be6 15. Rfd1 Nd5 16. Ng5 Nxe3 17. Nxe6 fxe6 18. Qxe3 Kh8 19. Nb5 Qe7 20. Nd6 Nc6 21. Nxc4 Rf6 22. Be4 Raf8 23. f3 Rf4 24. g3 R4f6 25. Rd2 Qc7 26. Rad1 Nb4 27. cxb4 Qxc4 28. Qxa7 R6f7 29. a3 Qb3 30. Qc5 Bh6 31. Qd4+ Bg7 32. Qd3 Qa4 33. Qc2 Qa7+ 34. Kg2 Qb6 35. Qc5 Qa6 36. Qd6 Qc4 37. Qd3 Qc7 38. Qc2 Qe7 39. Qc5 Qf6 40. a4 g5 41. h3 h5 42. h4 Bh6 43. hxg5 Bxg5 1/2-1/2

[Event "Arab-ch"]
[Site "Sharjah"]
[Date "2024.11.08"]
[Round "2"]
[White "Abdulrahim, Salem"]
[Black "Alhassadi, Yousef A"]
[Result "0-1"]
[WhiteElo "1858"]
[BlackElo "2126"]
[PlyCount "128"]
[EventDate "2024.11.07"]
[EventType "swiss"]
[EventRounds "9"]
[EventCountry "UAE"]
[SourceTitle "CB47_2024"]
[SourceDate "2024.11.20"]
[SourceVersion "1"]
[SourceVersionDate "2024.11.20"]
[SourceQuality "1"]

1. e4 c5 2. Nf3 e6 3. d4 cxd4 4. Nxd4 Nf6 5. Nc3 Nc6 6. Ndb5 d6 7. Bf4 e5 8. Bg5 a6 9. Na3 b5 10. Nd5 Be7 11. Bxf6 Bxf6 12. c3 0-0 13. Nc2 Bg5 14. h4 Bh6 15. g4 Bf4 16. Qf3 Rb8 17. Nxf4 exf4 18. Qxf4 b4 19. Nd4 Ne5 20. Nf5 bxc3 21. bxc3 Qc7 22. Rh3 d5 23. Qe3 dxe4 24. Be2 Nd3+ 25. Kf1 Nf4 26. Rg3 Rd8 27. c4 Be6 28. Qc3 f6 29. Nd4 Nxe2 30. Kxe2 Bxc4+ 31. Ke1 Rbc8 32. Rc1 Qd7 33. Nf5 Kh8 34. Qb2 Bb5 35. Rgc3 Rxc3 36. Qxc3 h5 37. Ne3 hxg4 38. Rd1 Qe7 39. Rxd8+ Qxd8 40. Nxg4 Qd7 41. Ne3 Qh3 42. a4 Bd3 43. a5 Kh7 44. Qc5 Qf3 45. Qf5+ Qxf5 46. Nxf5 Kg6 47. Ne3 Kh5 48. Kd2 Kxh4 49. Nf5+ Kg4 50. Nxg7 Kf3 51. Ke1 Kf4 52. Kd2 Bb5 53. Nh5+ Kg5 54. Ng3 f5 55. Ke3 Bd3 56. Kd4 Kf4 57. Kc3 Kg4 58. Kd4 Kf4 59. Kc3 Ke5 60. Nh5 Bb5 61. Kd2 f4 62. Ng7 Bd7 63. Nh5 Be8 64. Ng7 Bg6 0-1

[Event "Olympiad-45"]
[Site "Budapest"]
[Date "2024.09.18"]
[Round "7.2"]
[White "Alhassadi, Yousef A"]
[Black "Bodemar, Jonathan"]
[Result "0-1"]
[WhiteElo "2082"]
[BlackElo "2195"]
[PlyCount "74"]
[EventDate "2024.09.11"]
[EventType "team-swiss"]
[EventRounds "11"]
[EventCountry "HUN"]
[SourceTitle "EXT 2025"]
[Source "ChessBase"]
[SourceDate "2024.10.14"]
[SourceVersion "1"]
[SourceVersionDate "2024.10.14"]
[SourceQuality "1"]
[WhiteTeam "Libya"]
[BlackTeam "Thailand"]
[WhiteTeamCountry "LBY"]
[BlackTeamCountry "THA"]

1. e4 e6 2. d4 d5 3. Nc3 Nf6 4. e5 Nfd7 5. f4 c5 6. Nf3 Nc6 7. Be3 Be7 8. Qd2 0-0 9. dxc5 Qa5 10. 0-0-0 b6 11. Bb5 Nb4 12. a3 bxc5 13. Kb1 Nb6 14. f5 d4 15. Bxd4 cxd4 16. Nxd4 Rd8 17. axb4 Qxb4 18. Qf2 Nc4 19. Bxc4 Qxc4 20. f6 Bf8 21. Nb3 Bb7 22. Rhf1 g6 23. g3 Qc7 24. Rxd8 Qxd8 25. Rd1 Qc7 26. Qd4 a5 27. Nc1 Bc6 28. h4 h6 29. Qc4 Qb6 30. Nd3 a4 31. g4 a3 32. b3 Ra5 33. Ka2 Bb7 34. Na4 Qe3 35. Qc7 Qe2 36. Nc3 Qxc2+ 37. Ka1 Rc5 0-1

[Event "Djerba op-A"]
[Site "Djerba"]
[Date "2024.02.24"]
[Round "8"]
[White "Nassr, Lina"]
[Black "Alhassadi, Yousef A"]
[Result "0-1"]
[WhiteElo "2052"]
[BlackElo "2039"]
[PlyCount "72"]
[EventDate "2024.02.18"]
[EventType "swiss"]
[EventRounds "9"]
[EventCountry "TUN"]
[SourceTitle "EXT 2025"]
[Source "ChessBase"]
[SourceDate "2024.10.14"]
[SourceVersion "1"]
[SourceVersionDate "2024.10.14"]
[SourceQuality "1"]

1. d4 d5 2. Nf3 e6 3. e3 c5 4. Be2 Nc6 5. b3 cxd4 6. exd4 Nf6 7. 0-0 Bd6 8. Bb2 0-0 9. Re1 Ne4 10. Nbd2 Bb4 11. Bd3 f5 12. Rf1 Qf6 13. Nb1 Bd6 14. Bb5 Nb8 15. Ne5 a6 16. Bd3 Nc6 17. f4 g5 18. Bxe4 fxe4 19. fxg5 Qxg5 20. Qg4 Rxf1+ 21. Kxf1 Qxg4 22. Nxg4 Kg7 23. g3 h5 24. Ne3 Bd7 25. Nd2 Be7 26. Ke2 Bf6 27. c3 Ne7 28. Rg1 Kg6 29. Ba3 Rc8 30. g4 Rxc3 31. gxh5+ Kxh5 32. Bxe7 Bxe7 33. Ng2 Bb5+ 34. Kd1 Bg5 35. h4 Bh6 36. Nf1 Rc1# 0-1

[Event "Africa-ch U20"]
[Site "Nouakchott"]
[Date "2023.12.10"]
[Round "8"]
[White "Kweiri, Tawfik Ezzeddin"]
[Black "Alhassadi, Yousef A"]
[Result "1/2-1/2"]
[WhiteElo "1792"]
[BlackElo "2079"]
[PlyCount "45"]
[EventDate "2023.12.05"]
[EventType "swiss"]
[EventRounds "9"]
[EventCountry "MAU"]
[SourceTitle "EXT 2025"]
[Source "ChessBase"]
[SourceDate "2024.10.14"]
[SourceVersion "1"]
[SourceVersionDate "2024.10.14"]
[SourceQuality "1"]

1. e4 c5 2. Nf3 e6 3. d4 cxd4 4. Nxd4 Nf6 5. Nc3 Nc6 6. Nxc6 bxc6 7. Bd3 d5 8. 0-0 Qc7 9. Qe2 Bd6 10. f4 0-0 11. Kh1 Be7 12. Rf3 dxe4 13. Nxe4 g6 14. Bd2 Nxe4 15. Bxe4 Bf6 16. Rc3 Bxc3 17. Bxc3 f6 18. Rf1 Bb7 19. Bd3 Rae8 20. Bc4 Kg7 21. Qg4 Qd6 22. Rd1 Qe7 23. Re1 1/2-1/2

[Event "Africa-ch U20"]
[Site "Nouakchott"]
[Date "2023.12.07"]
[Round "4"]
[White "Alhassadi, Yousef A"]
[Black "Hallal, Tarik"]
[Result "0-1"]
[WhiteElo "2079"]
[BlackElo "1868"]
[PlyCount "106"]
[EventDate "2023.12.05"]
[EventType "swiss"]
[EventRounds "9"]
[EventCountry "MAU"]
[SourceTitle "EXT 2025"]
[Source "ChessBase"]
[SourceDate "2024.10.14"]
[SourceVersion "1"]
[SourceVersionDate "2024.10.14"]
[SourceQuality "1"]

1. e4 c5 2. c3 Nf6 3. e5 Nd5 4. Nf3 d6 5. exd6 Qxd6 6. d4 cxd4 7. Nxd4 e6 8. Qf3 Be7 9. Bd3 Nc6 10. Nxc6 bxc6 11. 0-0 0-0 12. Nd2 Qc7 13. Re1 Bb7 14. Ne4 e5 15. Ng3 g6 16. Bh6 Rfe8 17. Bc4 Bf8 18. Bxf8 Rxf8 19. Ne4 Nb6 20. Bb3 c5 21. Qf6 c4 22. Bc2 Rad8 23. Ng3 Rfe8 24. Rad1 Nd5 25. Qh4 Kg7 26. Qg5 Kh8 27. Ne4 f5 28. Nf6 Qe7 29. Rxd5 Bxd5 30. f4 Qc5+ 31. Kf1 Re7 32. fxe5 Be4 33. Bxe4 fxe4 34. Rxe4 Rd1+ 35. Ke2 Qg1 36. Kf3 Qf1+ 37. Kg3 Rd3+ 38. Re3 Qf5 39. Qxf5 gxf5 40. Kf4 Rxe3 41. Kxe3 Rxe5+ 42. Kd4 Re2 43. Kxc4 Rxg2 44. b4 Kg7 45. Nd5 Rxh2 46. a4 h5 47. Ne7 Kf6 48. Nc6 Rf2 49. a5 h4 50. b5 h3 51. b6 axb6 52. axb6 h2 53. b7 h1Q 0-1